000
00331 a2200157 4500
001
57869
020
_a
8571642478
040
_c
Anchieta - Pituba
100
_a
Stout, Rex
240
1
0
_a
Aranhas de ouro
_l
por
245
1
0
_a
Aranhas de ouro
300
_a
190
362
0
_a
1992
650
4
_a
Ficção norte-americana
942
_c
BK
999
_c
57869
_d
57869